000 nam a22 a 4500
999 _c153475
_d153475
003 BLK
005 20220622114754.0
008 180410b bul|||||r ||||||| ||bul||
040 _aBLK
041 _aBUL
_cBUL
080 _aБългарска литература
_b821.163.2
_x-311.6
_z821.163.2-311.6
100 1 _aДончев, Антон Николов
_eпърви автор
_9365055
139 _aДончев, Антон Николов
_bД 78
245 1 0 _aСказание за времето на Самуила, за Самуил и брата му Аарон, за синовете им Радомир и Владислав, за селяка Житан и старейшината Горазд Мъдрия и за много други хора, живели преди нас
_bИст. роман
_cАнтон Николов Дончев; худож. Атанас Нейков Нейков.
250 _a2. изд.
257 _aBGR
260 _aСофия
_bНар. младеж
_c1969
_9210040
300 _a604 с.
_c21 см
380 _aX
500 _a1. изд. 1961. - 25 100 тир.
700 1 _aНейков, Атанас Нейков
_eхудож.
_9370189
852 _aЦб 49276
_bЦб
856 4 _qpdf
856 4 _qpdf
942 _cKNG
_n0
_s1
944 _aCR
_c17.04.2014
_l17.04.2014 - от С1,Р / 17.04.2014
_kИван_Цеков
944 _aED
_l2022-06-22
_kКети
999 _d153475